000
00307 a2200109 4500
001
ART_23948
005
20260410161933.0
008
260409a
245
1
0
_a
Intercambio con Japón
100
1
_a
Vidal Serin, Antonio
773
0
_t
Informe
_g
- Año VIII, Nº 46 (ene./mar. 1976)
_w
REV23765
999
_c
28750
_d
28750